[Event "Netanya op"]
[Site "Netanya"]
[Date "2019.07.01"]
[Round "8"]
[White "Kinberg, Raz"]
[Black "Khairova, Evelina"]
[Result "1-0"]
[WhiteElo "1407"]
[BlackElo "1501"]
[PlyCount "49"]
[EventDate "2019.06.23"]
[EventType "swiss"]
[EventRounds "9"]
[EventCountry "ISR"]
[SourceTitle "CBM 191 Extra"]
[Source "ChessBase"]
[SourceDate "2019.09.30"]
[SourceVersion "1"]
[SourceVersionDate "2019.09.30"]
[SourceQuality "1"]

1. e4 e6 2. b3 d5 3. Bb2 dxe4 4. Nc3 Nf6 5. g4 h6 6. Bg2 Be7 7. Nxe4 0-0 8. d3 Nc6 9. h3 Bd7 10. Ne2 Re8 11. Qd2 Nxe4 12. Bxe4 Bf6 13. d4 Qe7 14. 0-0-0 Qd6 15. f4 Qe7 16. Rdg1 g5 17. Kb1 Kh8 18. h4 Kg8 19. hxg5 hxg5 20. Qe3 gxf4 21. Nxf4 Bg7 22. Nh5 Nd8 23. Nxg7 Kxg7 24. Qh6+ Kg8 25. Qh8# 1-0

[Event "Netanya op"]
[Site "Netanya"]
[Date "2019.06.30"]
[Round "7"]
[White "Fudim, Ariel"]
[Black "Kinberg, Raz"]
[Result "1/2-1/2"]
[WhiteElo "1754"]
[BlackElo "1407"]
[PlyCount "78"]
[EventDate "2019.06.23"]
[EventType "swiss"]
[EventRounds "9"]
[EventCountry "ISR"]
[SourceTitle "CBM 191 Extra"]
[Source "ChessBase"]
[SourceDate "2019.09.30"]
[SourceVersion "1"]
[SourceVersionDate "2019.09.30"]
[SourceQuality "1"]

1. d4 Nf6 2. c4 e6 3. g3 g6 4. Bg2 Bg7 5. Nf3 d5 6. 0-0 0-0 7. Nbd2 b6 8. b3 Bb7 9. Ba3 Re8 10. Rc1 Nbd7 11. Qc2 Rc8 12. Rfd1 c6 13. e4 h6 14. e5 Nh7 15. b4 b5 16. cxb5 cxb5 17. Qd3 a6 18. Nb3 Nb6 19. Nc5 Qe7 20. Rc2 Nc4 21. Bc1 Qc7 22. h4 Bf8 23. Qe2 Kg7 24. Nd2 Bxc5 25. bxc5 Qe7 26. a4 Bc6 27. axb5 axb5 28. Nxc4 bxc4 29. Rb2 Rb8 30. Be3 Qc7 31. Rdb1 Nf8 32. Qd2 h5 33. Bf3 Nd7 34. Qc3 Rxb2 35. Rxb2 Rb8 36. Rxb8 Qxb8 37. Qa5 Qc8 38. Bd1 Qb7 39. Kh2 Qc8 1/2-1/2